[Event "Zheleznogorsk-ch"]
[Site "Zheleznogorsk"]
[Date "2017.02.20"]
[Round "7"]
[White "Kornushenko, Ivan"]
[Black "Shamaeva, Elena"]
[Result "1-0"]
[WhiteElo "1880"]
[BlackElo "1934"]
[PlyCount "75"]
[EventDate "2017.02.06"]
[EventType "swiss"]
[EventRounds "9"]
[EventCountry "RUS"]
[SourceTitle "CBM 177 Extra"]
[Source "ChessBase"]
[SourceDate "2017.04.27"]
[SourceVersion "1"]
[SourceVersionDate "2017.04.27"]
[SourceQuality "1"]

1. Nf3 d5 2. g3 Nf6 3. Bg2 c6 4. 0-0 g6 5. b3 Bg7 6. Bb2 0-0 7. d3 Bg4 8. Nbd2 Nbd7 9. h3 Bxf3 10. Nxf3 Qc7 11. c4 dxc4 12. dxc4 Rad8 13. Qc2 e5 14. Rad1 Rfe8 15. Ba3 e4 16. Bd6 Qc8 17. Ng5 e3 18. f4 Bf8 19. Qc3 Bg7 20. Qc2 Bf8 21. c5 Bxd6 22. Rxd6 Nh5 23. Kh2 Ng7 24. g4 Qc7 25. b4 Nf8 26. Rfd1 Rxd6 27. cxd6 Qd7 28. Ne4 Qd8 29. Qc3 Nd7 30. Qxe3 Ne6 31. Qf2 Qb6 32. Qxb6 axb6 33. f5 Nf4 34. Bf3 Nxe2 35. Re1 Nc3 36. Nf6+ Nxf6 37. Rxe8+ Nxe8 38. d7 1-0

[Event "Zheleznogorsk-ch"]
[Site "Zheleznogorsk"]
[Date "2017.02.10"]
[Round "3"]
[White "Timchenko, Vladimir"]
[Black "Kornushenko, Ivan"]
[Result "1/2-1/2"]
[WhiteElo "1929"]
[BlackElo "1880"]
[PlyCount "85"]
[EventDate "2017.02.06"]
[EventType "swiss"]
[EventRounds "9"]
[EventCountry "RUS"]
[SourceTitle "CBM 177 Extra"]
[Source "ChessBase"]
[SourceDate "2017.04.27"]
[SourceVersion "1"]
[SourceVersionDate "2017.04.27"]
[SourceQuality "1"]

1. d4 Nf6 2. c4 g6 3. Nc3 Bg7 4. Bf4 0-0 5. e4 d6 6. Nf3 Nbd7 7. Be2 Ne8 8. 0-0 Ndf6 9. Qc2 Nh5 10. Be3 f5 11. exf5 Bxf5 12. Qb3 Qc8 13. Bg5 Nhf6 14. c5+ Be6 15. Bc4 Bxc4 16. Qxc4+ Kh8 17. Rfe1 h6 18. Bh4 g5 19. Bg3 Ng8 20. Nd5 Qd7 21. Nc3 Nef6 22. h3 Nh5 23. Bh2 Nf4 24. Bxf4 Rxf4 25. Re3 dxc5 26. Qd5 Qc8 27. dxc5 c6 28. Qb3 Qc7 29. Rae1 Rf5 30. Qc4 Raf8 31. a3 Rf4 32. Qd3 R4f5 33. b4 b6 34. cxb6 axb6 35. Ne4 c5 36. bxc5 bxc5 37. Qa6 c4 38. Rc3 Qa5 39. Qxa5 Rxa5 40. Rxc4 Rxa3 41. Ng3 Ra7 42. Nh5 Bf6 43. Nxf6 1/2-1/2